Jasón y los argonautas /

Guardado en:
Autor Principal: Montes, Graciela.
Otros Autores: Menéndez, Liliana; il.
Formato: Libro
Publicado: Buenos Aires : Gramón-Colihue, 1997.
Series:Mitología griega
Materias:
Etiquetas: Agregar Etiqueta
Sin Etiquetas, Sea el primero en etiquetar este registro!
LEADER 00875nam a22002535a 4500
001 CEM.cems020174
008 230606s1997##################000#0#####d
005 20230626114227.0
245 1 0 |a Jasón y los argonautas /  |c Graciela Montes ; ilustrado por Liliana Mendéndez. 
260 |a Buenos Aires :  |b Gramón-Colihue,  |c 1997. 
300 |a 32 p. 
490 0 |a Mitología griega 
020 |a 9875030139 
100 1 |a Montes, Graciela. 
700 1 |a Menéndez, Liliana; il. 
082 0 4 |a A868.4 
653 |a Literatura 
653 |a Literatura argentina 
653 |a Mitos griegos 
653 |a Literatura infantil 
653 |a Cuentos 
859 |a CEMS  |b BIB. CEMS - Inicial y Primaria  |h A868.4  |i M764-2  |k IP  |p 2237  |t Ej.1 
859 |a CEMS  |b BIB. CEMS - Inicial y Primaria  |h A868.4  |i M764-2  |k IP  |p 2238  |t Ej.2 
859 |a CEMS  |b BIB. CEMS - Inicial y Primaria  |h A868.4  |i M764-2  |k IP  |p 6636  |t Ej.3